000 00327nam a22001337a 4500
020 _a9780857625991
040 _cNust
082 _a500
_bLEV
100 _aJoel Levy
_9130796
245 _aThe Big Book Of Science
260 _aLondon:
_bNew Burlington,
_c2018.
650 _aThe Big Book Of Science
_9130797
942 _2ddc
_cBK
999 _c614973
_d614973